MARC

LEADER 00000nam0a2200000 4500
001 347044
005 20240914063128.0
010 |a 0773477853 
035 |a (RuTPU)RU\TPU\book\378929 
090 |a 347044 
100 |a 20220118d2000 k y0engy50 ba 
101 0 |a eng 
102 |a US 
105 |a a z 001zb 
200 1 |a Collected Essays in Honor of the Bicentennial of Alexander Pushkin's Birth  |f edited by J. T. Ryfa 
210 |a Lampeter  |c The Edwin Mellen Press  |d 2000 
215 |a 276 p.  |c il. 
225 1 |a Slavic Studies  |v Vol. 4 
320 |a Index: p. 271-276 
600 1 |a Пушкин  |b А. С.  |c российский поэт  |c писатель  |f 1799-1837  |g Александр Сергеевич  |7 ca  |8 rus  |2 stltpush  |3 (RuTPU)RU\TPU\pers\1026  |9 453 
606 1 |a Теория литературы  |2 stltpush  |3 (RuTPU)RU\TPU\subj\59481  |9 77010 
606 1 |a Русская литература, дореволюционная  |x История и критика  |2 stltpush  |3 (RuTPU)RU\TPU\subj\26372  |9 50315 
610 1 |a русская литература 
610 1 |a русские писатели 
610 1 |a литературоведение 
610 1 |a произведения 
610 1 |a изучение 
610 1 |a оценка 
610 1 |a литературный анализ 
610 1 |a литературная критика 
610 1 |a интерпретация 
610 1 |a английский язык 
675 |a 801  |v 4 
675 |a 8Р1  |v 4 
702 1 |a Ryfa  |b J. T  |g Juras  |4 340 
801 1 |a RU  |b 63413507  |c 20220118 
801 2 |a RU  |b 63413507  |c 20220309  |g RCR 
942 |c BK